[Event "Maastricht Limburg op-C 5th"]
[Site "Maastricht"]
[Date "2011.06.12"]
[Round "4"]
[White "Liston, Mike"]
[Black "De Lange, Gerard"]
[Result "0-1"]
[WhiteElo "1667"]
[BlackElo "1599"]
[PlyCount "82"]
[EventDate "2011.06.10"]
[EventType "swiss"]
[EventRounds "7"]
[EventCountry "NED"]
[SourceTitle "EXT 2012"]
[Source "ChessBase"]
[SourceDate "2011.11.24"]
[SourceVersion "1"]
[SourceVersionDate "2011.11.24"]
[SourceQuality "1"]

1. e4 c5 2. Nf3 Nc6 3. Bb5 a6 4. Bxc6 bxc6 5. c4 g6 6. Nc3 Bg7 7. 0-0 e6 8. d3 Ne7 9. Be3 d6 10. Rb1 e5 11. h3 0-0 12. Qd2 f5 13. exf5 Nxf5 14. Ne4 Nxe3 15. Qxe3 Rf4 16. Kh2 Qf8 17. b4 cxb4 18. Rxb4 d5 19. Rb6 dxe4 20. dxe4 c5 21. Rc6 Bb7 22. Rxc5 Rxe4 23. Qa3 Rxc4 24. Ra5 Qf4+ 25. Kg1 e4 26. Qe7 Rc7 27. Qe6+ Kh8 28. Ng5 Rf8 29. g3 Qd2 30. Re5 Bc8 31. Qd5 e3 32. Qxd2 exd2 33. Rd5 Rd7 34. Rxd7 Bxd7 35. Ne4 Bxh3 36. Rd1 Rd8 37. f3 Bf5 38. Rxd2 Rxd2 39. Nxd2 Kg8 40. Kf2 Kf7 41. g4 Be6 0-1

[Event "Maastricht Limburg op-C 5th"]
[Site "Maastricht"]
[Date "2011.06.11"]
[Round "3"]
[White "Geene, Joris"]
[Black "Liston, Mike"]
[Result "1/2-1/2"]
[WhiteElo "1583"]
[BlackElo "1667"]
[PlyCount "135"]
[EventDate "2011.06.10"]
[EventType "swiss"]
[EventRounds "7"]
[EventCountry "NED"]
[SourceTitle "EXT 2012"]
[Source "ChessBase"]
[SourceDate "2011.11.24"]
[SourceVersion "1"]
[SourceVersionDate "2011.11.24"]
[SourceQuality "1"]

1. e4 e5 2. Nf3 Nc6 3. d4 exd4 4. Bc4 Bb4+ 5. c3 dxc3 6. 0-0 cxb2 7. Bxb2 Nf6 8. e5 d5 9. exf6 dxc4 10. fxg7 Rg8 11. Qe2+ Be6 12. Rd1 Qe7 13. Nc3 Bd6 14. Ne4 0-0-0 15. Bf6 Qd7 16. Bxd8 Qxd8 17. Nfg5 Qe7 18. Nxd6+ cxd6 19. Nxe6 fxe6 20. Qxc4 Rxg7 21. Qf4 e5 22. Qf5+ Qd7 23. Qf8+ Kc7 24. Rxd6 Rxg2+ 25. Kxg2 Qxd6 26. Qxd6+ Kxd6 27. Kf3 Nd4+ 28. Ke4 Ke6 29. Rg1 Nf5 30. f4 Nd6+ 31. Kf3 exf4 32. Kxf4 Kf6 33. Rc1 a5 34. Rc5 b5 35. Rc6 Ke6 36. Rc7 b4 37. Rxh7 a4 38. Ra7 b3 39. Rxa4 bxa2 40. Rxa2 Nf7 41. h4 Kf6 42. Ra6+ Kg7 43. h5 Nh6 44. Rg6+ Kh7 45. Kg5 Nf7+ 46. Kf6 Nh6 47. Ke7 Nf5+ 48. Kf8 Nh6 49. Rg7+ Kh8 50. Ra7 Ng8 51. Ke8 Nf6+ 52. Kf7 Nxh5 53. Kg6 Nf4+ 54. Kf5 Nd5 55. Rd7 Nb6 56. Rd3 Nc4 57. Rc3 Na5 58. Rc5 Nb7 59. Rc7 Nd6+ 60. Kg6 Kg8 61. Ra7 Kf8 62. Kf6 Ne8+ 63. Kg6 Nd6 64. Kf6 Ne8+ 65. Ke6 Ng7+ 66. Ke5 Ne8 67. Rb7 Ng7 68. Ra7 1/2-1/2

[Event "Maastricht Limburg op-C 5th"]
[Site "Maastricht"]
[Date "2011.06.11"]
[Round "2"]
[White "Liston, Mike"]
[Black "De Schepper, Marcel"]
[Result "1/2-1/2"]
[WhiteElo "1667"]
[BlackElo "1617"]
[PlyCount "54"]
[EventDate "2011.06.10"]
[EventType "swiss"]
[EventRounds "7"]
[EventCountry "NED"]
[SourceTitle "EXT 2012"]
[Source "ChessBase"]
[SourceDate "2011.11.24"]
[SourceVersion "1"]
[SourceVersionDate "2011.11.24"]
[SourceQuality "1"]

1. e4 e6 2. d4 d5 3. Nc3 Bb4 4. e5 Ne7 5. a3 Bxc3+ 6. bxc3 c5 7. Qg4 Nf5 8. Bd3 h5 9. Qg5 Nc6 10. Qxd8+ Kxd8 11. Bxf5 exf5 12. Ne2 b6 13. Be3 c4 14. Nf4 Be6 15. Rb1 Kc7 16. 0-0 Rag8 17. Rb5 Ne7 18. Rfb1 g5 19. Ne2 Bd7 20. R5b2 Rg6 21. f4 g4 22. Ra2 Ba4 23. Rb4 b5 24. Rb1 h4 25. Kf2 Nc6 26. Rg1 a6 27. Rb1 Nd8 1/2-1/2

[Event "Maastricht Limburg op-B 4th"]
[Site "Maastricht"]
[Date "2010.05.24"]
[Round "6"]
[White "Liston, Mike"]
[Black "Begri, Felix"]
[Result "0-1"]
[WhiteElo "1705"]
[BlackElo "1905"]
[PlyCount "92"]
[EventDate "2010.05.21"]
[EventType "swiss"]
[EventRounds "7"]
[EventCountry "NED"]
[SourceTitle "EXT 2011"]
[Source "ChessBase"]
[SourceDate "2010.11.26"]
[SourceVersion "1"]
[SourceVersionDate "2010.11.26"]
[SourceQuality "1"]

1. e4 e6 2. d4 d5 3. Nc3 Nc6 4. exd5 exd5 5. Nf3 Bg4 6. Bb5 Bd6 7. Nxd5 Bxh2 8. Qe2+ Kf8 9. Bxc6 bxc6 10. Rxh2 Qxd5 11. b3 Qd6 12. a4 Bxf3 13. gxf3 Qxh2 14. Ba3+ Ne7 15. Qxe7+ Kg8 16. 0-0-0 h5 17. Bb2 Qd6 18. Qg5 Qh6 19. Rg1 Qxg5+ 20. Rxg5 f6 21. Rg2 Kf7 22. f4 h4 23. Kd2 h3 24. Rh2 Rag8 25. Ke3 g5 26. fxg5 Rxg5 27. Kf3 Kg6 28. Bc1 Rg1 29. Bd2 Kf5 30. Bf4 Rg4 31. Be3 Rg7 32. b4 a6 33. c4 Rg1 34. b5 cxb5 35. cxb5 axb5 36. axb5 Rb1 37. Kg3 Rxb5 38. Kf3 c6 39. Bf4 Rb1 40. Be3 Rg1 41. Bf4 Rg2 42. Rxh3 Rxh3+ 43. Kxg2 Kxf4 44. Kxh3 Kf3 45. Kh4 Kxf2 46. Kg4 Ke3 0-1

[Event "Maastricht Limburg op-B 4th"]
[Site "Maastricht"]
[Date "2010.05.22"]
[Round "3"]
[White "Snoeck, Rene"]
[Black "Liston, Mike"]
[Result "0-1"]
[WhiteElo "1985"]
[BlackElo "1705"]
[PlyCount "46"]
[EventDate "2010.05.21"]
[EventType "swiss"]
[EventRounds "7"]
[EventCountry "NED"]
[SourceTitle "EXT 2011"]
[Source "ChessBase"]
[SourceDate "2010.11.26"]
[SourceVersion "1"]
[SourceVersionDate "2010.11.26"]
[SourceQuality "1"]

1. a3 e5 2. c4 Nf6 3. Nc3 Nc6 4. g3 d5 5. Bg2 dxc4 6. Qa4 Bd7 7. Qxc4 Be7 8. Nf3 0-0 9. 0-0 Be6 10. Qa4 Qd7 11. Ng5 Bf5 12. d3 h6 13. Nge4 Nxe4 14. Nxe4 Nd4 15. Qxd7 Nxe2+ 16. Kh1 Bxd7 17. Bd2 Bc6 18. Be3 f5 19. Nc5 Bxg2+ 20. Kxg2 f4 21. Ne6 Rf7 22. Bd2 Bd6 23. Rfe1 f3+ 0-1